<?xml version="1.0" encoding="UTF-8"?>
<record
    xmlns:xsi="http://www.w3.org/2001/XMLSchema-instance"
    xsi:schemaLocation="http://www.loc.gov/MARC21/slim http://www.loc.gov/standards/marcxml/schema/MARC21slim.xsd"
    xmlns="http://www.loc.gov/MARC21/slim">

  <leader>01675cam a22003131i 4500</leader>
  <controlfield tag="003">SA_RiAUC</controlfield>
  <controlfield tag="005">20260127121648.0</controlfield>
  <controlfield tag="008">260125s2011____mr     g      000 0cara c</controlfield>
  <datafield tag="020" ind1=" " ind2=" ">
    <subfield code="a">9786144162125</subfield>
  </datafield>
  <datafield tag="040" ind1=" " ind2=" ">
    <subfield code="a">SA-JeALM</subfield>
    <subfield code="b">ara</subfield>
    <subfield code="c">SA-RiAUC</subfield>
    <subfield code="e">rda</subfield>
  </datafield>
  <datafield tag="043" ind1=" " ind2=" ">
    <subfield code="a">f-mr---</subfield>
    <subfield code="a">f-ua---</subfield>
  </datafield>
  <datafield tag="082" ind1="0" ind2=" ">
    <subfield code="a">922.1</subfield>
  </datafield>
  <datafield tag="090" ind1=" " ind2=" ">
    <subfield code="a">922.1</subfield>
    <subfield code="b">&#x627; &#x628; &#x646; &#x639;</subfield>
  </datafield>
  <datafield tag="100" ind1="1" ind2=" ">
    <subfield code="a">&#x628;&#x646; &#x639;&#x632;&#x648;&#x632; &#x62D;&#x643;&#x64A;&#x645;&#x60C; &#x645;&#x62D;&#x645;&#x62F;&#x60C;</subfield>
    <subfield code="d">1924-2014</subfield>
    <subfield code="e">&#x645;&#x624;&#x644;&#x641;.</subfield>
  </datafield>
  <datafield tag="245" ind1="1" ind2="0">
    <subfield code="a">&#x645;&#x646; &#x635;&#x644;&#x627;&#x62A; &#x627;&#x644;&#x639;&#x644;&#x645; &#x648;&#x627;&#x644;&#x631;&#x648;&#x627;&#x64A;&#x629; &#x628;&#x64A;&#x646; &#x627;&#x644;&#x645;&#x63A;&#x631;&#x628; &#x648;&#x627;&#x644;&#x625;&#x633;&#x643;&#x646;&#x62F;&#x631;&#x64A;&#x629; &#x62E;&#x644;&#x627;&#x644; &#x627;&#x644;&#x642;&#x631;&#x646; &#x627;&#x644;&#x633;&#x627;&#x62F;&#x633; &#x627;&#x644;&#x647;&#x62C;&#x631;&#x64A; :</subfield>
    <subfield code="b">&#x639;&#x644;&#x645;&#x627;&#x621; &#x627;&#x644;&#x645;&#x63A;&#x631;&#x628; &#x648;&#x627;&#x644;&#x623;&#x646;&#x62F;&#x644;&#x633; &#x641;&#x64A; &#x645;&#x62C;&#x627;&#x644;&#x633; &#x627;&#x644;&#x62D;&#x627;&#x641;&#x638; &#x623;&#x628;&#x64A; &#x637;&#x627;&#x647;&#x631; &#x627;&#x644;&#x633;&#x644;&#x641;&#x64A; &#x628;&#x627;&#x644;&#x625;&#x633;&#x643;&#x646;&#x62F;&#x631;&#x64A;&#x629; /</subfield>
    <subfield code="c">&#x645;&#x62D;&#x645;&#x62F; &#x628;&#x646; &#x639;&#x632;&#x648;&#x632;.</subfield>
  </datafield>
  <datafield tag="246" ind1=" " ind2=" ">
    <subfield code="a">&#x639;&#x644;&#x645;&#x627;&#x621; &#x627;&#x644;&#x645;&#x63A;&#x631;&#x628; &#x648;&#x627;&#x644;&#x623;&#x646;&#x62F;&#x644;&#x633; &#x641;&#x64A; &#x645;&#x62C;&#x627;&#x644;&#x633; &#x627;&#x644;&#x62D;&#x627;&#x641;&#x638; &#x623;&#x628;&#x64A; &#x637;&#x627;&#x647;&#x631; &#x627;&#x644;&#x633;&#x644;&#x641;&#x64A; &#x628;&#x627;&#x644;&#x625;&#x633;&#x643;&#x646;&#x62F;&#x631;&#x64A;&#x629;</subfield>
  </datafield>
  <datafield tag="250" ind1=" " ind2=" ">
    <subfield code="a">&#x627;&#x644;&#x637;&#x628;&#x639;&#x629; &#x627;&#x644;&#x623;&#x648;&#x644;&#x649;.</subfield>
  </datafield>
  <datafield tag="264" ind1=" " ind2="1">
    <subfield code="a">&#x627;&#x644;&#x62F;&#x627;&#x631; &#x627;&#x644;&#x628;&#x64A;&#x636;&#x627;&#x621;&#x60C; &#x627;&#x644;&#x645;&#x63A;&#x631;&#x628; :</subfield>
    <subfield code="a">&#x628;&#x64A;&#x631;&#x648;&#x62A; :</subfield>
    <subfield code="b">&#x645;&#x631;&#x643;&#x632; &#x627;&#x644;&#x62A;&#x631;&#x627;&#x62B; &#x627;&#x644;&#x62B;&#x642;&#x627;&#x641;&#x64A; &#x627;&#x644;&#x645;&#x63A;&#x631;&#x628;&#x64A;&#x60C;</subfield>
    <subfield code="b">&#x62F;&#x627;&#x631; &#x627;&#x628;&#x646; &#x62D;&#x632;&#x645;.</subfield>
    <subfield code="c">2011</subfield>
  </datafield>
  <datafield tag="300" ind1=" " ind2=" ">
    <subfield code="a">379 &#x635;&#x641;&#x62D;&#x629; &#x61B;</subfield>
    <subfield code="c">24 &#x633;&#x645;</subfield>
  </datafield>
  <datafield tag="336" ind1=" " ind2=" ">
    <subfield code="a">&#x646;&#x635;</subfield>
    <subfield code="b">txt</subfield>
    <subfield code="2">rdacontent</subfield>
    <subfield code="3">&#x643;&#x62A;&#x627;&#x628;</subfield>
  </datafield>
  <datafield tag="337" ind1=" " ind2=" ">
    <subfield code="a">&#x628;&#x62F;&#x648;&#x646; &#x648;&#x633;&#x64A;&#x637;</subfield>
    <subfield code="b">n</subfield>
    <subfield code="2">rdamedia</subfield>
  </datafield>
  <datafield tag="338" ind1=" " ind2=" ">
    <subfield code="a">&#x645;&#x62C;&#x644;&#x62F;</subfield>
    <subfield code="b">nc</subfield>
    <subfield code="2">rdacarrier</subfield>
  </datafield>
  <datafield tag="600" ind1="1" ind2="7">
    <subfield code="a">&#x627;&#x644;&#x633;&#x644;&#x641;&#x64A;&#x60C; &#x623;&#x62D;&#x645;&#x62F; &#x628;&#x646; &#x645;&#x62D;&#x645;&#x62F; &#x628;&#x646; &#x633;&#x644;&#x641;&#x629;&#x60C;</subfield>
    <subfield code="d">478-576 &#x647;&#x62C;&#x631;&#x64A;</subfield>
    <subfield code="2">aucnm</subfield>
  </datafield>
  <datafield tag="650" ind1=" " ind2="7">
    <subfield code="a">&#x637;&#x628;&#x642;&#x627;&#x62A; &#x631;&#x648;&#x627;&#x629; &#x627;&#x644;&#x62D;&#x62F;&#x64A;&#x62B; &#x648;&#x62D;&#x641;&#x627;&#x638;&#x647;</subfield>
    <subfield code="v">&#x62A;&#x631;&#x627;&#x62C;&#x645;</subfield>
    <subfield code="2">aucsh</subfield>
  </datafield>
  <datafield tag="651" ind1=" " ind2="7">
    <subfield code="a">&#x627;&#x644;&#x645;&#x63A;&#x631;&#x628;</subfield>
    <subfield code="x">&#x639;&#x644;&#x627;&#x642;&#x627;&#x62A; &#x62B;&#x642;&#x627;&#x641;&#x64A;&#x629;</subfield>
    <subfield code="z">&#x645;&#x635;&#x631;</subfield>
    <subfield code="z">&#x627;&#x644;&#x625;&#x633;&#x643;&#x646;&#x62F;&#x631;&#x64A;&#x629;</subfield>
    <subfield code="y">&#x642;&#x631;&#x646; 12</subfield>
    <subfield code="2">aucsh</subfield>
  </datafield>
  <datafield tag="651" ind1=" " ind2="7">
    <subfield code="a">&#x627;&#x644;&#x625;&#x633;&#x643;&#x646;&#x62F;&#x631;&#x64A;&#x629; (&#x645;&#x635;&#x631;)</subfield>
    <subfield code="x">&#x639;&#x644;&#x627;&#x642;&#x627;&#x62A; &#x62B;&#x642;&#x627;&#x641;&#x64A;&#x629;</subfield>
    <subfield code="z">&#x627;&#x644;&#x645;&#x63A;&#x631;&#x628;</subfield>
    <subfield code="y">&#x642;&#x631;&#x646; 12</subfield>
    <subfield code="2">aucsh</subfield>
  </datafield>
  <datafield tag="942" ind1=" " ind2=" ">
    <subfield code="2">ddc</subfield>
    <subfield code="c">BOOK</subfield>
    <subfield code="n">0</subfield>
  </datafield>
  <datafield tag="949" ind1=" " ind2=" ">
    <subfield code="a">SA-JeALM</subfield>
    <subfield code="d">260125</subfield>
    <subfield code="u">osman123</subfield>
    <subfield code="n">1</subfield>
  </datafield>
  <datafield tag="952" ind1=" " ind2=" ">
    <subfield code="0">0</subfield>
    <subfield code="1">0</subfield>
    <subfield code="2">ddc</subfield>
    <subfield code="4">0</subfield>
    <subfield code="7">0</subfield>
    <subfield code="a">WAHAB</subfield>
    <subfield code="b">WAHAB</subfield>
    <subfield code="d">2026-01-27</subfield>
    <subfield code="l">0</subfield>
    <subfield code="o">922.1  &#x627; &#x628; &#x646; &#x639;</subfield>
    <subfield code="p">000022627</subfield>
    <subfield code="r">2026-01-27 12:17:24</subfield>
    <subfield code="w">2026-01-27</subfield>
    <subfield code="y">BOOK</subfield>
  </datafield>
  <datafield tag="999" ind1=" " ind2=" ">
    <subfield code="c">14176</subfield>
    <subfield code="d">14176</subfield>
  </datafield>
</record>
